Score 0/30 Timer 15:00
0 Plays Today
% Correct
But I can carry you!
94.2%
We've had one, yes. What about second breakfast?
93.7%
Pity? It was pity that stayed Bilbo's hand.
93.5%
And I hope you never have to.
93.1%
I will have war!
93%
What do you mean? Do you mean to wish me a good morning or do you mean that it is a good morning whether I want it or not?
92.7%
Because it was real.
92.4%
All we have to decide is what to do with the time that is given to us.
92.2%
The battle for Middle Earth is about to begin.
91.6%
I found it is the small everyday deeds of ordinary folk that keep the darkness at bay.
91.3%
What about side by side with a friend?
91%
I'm not asking you to allow it, Gandalf.
90.8%
Not a word.
90.4%
I belong with my brother.
90.1%
That there's some good in this world, Mr. Frodo... and it's worth fighting for.
89.8%
% Correct
You will forgive me if I finish it!
88.7%
That is my wee lad, Gimli!
88.3%
You shall not pass!
87.9%
So was I.
87.5%
Or nothing.
85.4%
I am fire! I am... death!
82.6%
White shores... and beyond, a far green country under a swift sunrise.
82.4%
Our people, our people. I would have followed you, my brother... my captain... my king.
82.2%
Or would you like me to find you a box?
80.9%
That's why I came back... 'cause you don't have one, a home. It was taken from you.
75.4%
If this is to end in fire, then we will all burn together!
75.3%
But we have no songs for great halls and... evil times.
70%
If more of us valued home above gold, it would be a merrier world.
69.5%
Very helpful, Bofur.
64.8%
The last pages are for you, Sam.
64.1%
Remove Ads.
Support Sporcle.
Get the best of Sporcle when you Go Orange. This ad-free experience offers more features, more stats, and more fun while also helping to support Sporcle. Thank you for becoming a member.

You're not logged in!

Compare scores with friends on all Sporcle quizzes.
OR
Log In

Show Comments

Extras

Top Quizzes Today


Score Distribution

Your Account Isn't Verified!

In order to create a playlist on Sporcle, you need to verify the email address you used during registration. Go to your Sporcle Settings to finish the process.

Report this User

Report this user for behavior that violates our Community Guidelines.

Details: